000
00205nam a2200097Ia 4500
008
230724s1999 xx und d
041
_a
eng
100
_a
PANDEY B. N.
245
_a
NEHRU.
260
_c
1999
999
_c
1172853
_d
1172853